000 01045nam a2200289Ia 4500
001 Para_648
003 CHAP
008 220125s1993 xx 000 0 und d
010 _a199408
040 _cCHAP
090 _aPA TESIS 695
100 _aGarcía Salazar, Gabriela
_946589
245 _aEfecto de fertilizantes foliares y fungicidas sobre la incidencia del complejo de enfermedades foliares en dos variedades de trigo (Triticum aestivum L.) en Juchitepec, México /
_c por Gabriela García Salazar
260 _aChapingo, Méx. :
_b el autor
300 _a58 h.
502 _aTesis (Ing. Agr. Esp. en Parasitología Agrícola) -- UACh. Departamento Parasitología Agrícola
650 _aTrigo
_x enfermedades
_9115017
650 _aTrigo
_x fertilización
_9115026
710 _aUACh. Departamento Parasitología Agrícola
_9164025
901 _aPA TESIS 695
902 _aA
905 _a0000001993 a 0000000000 00
910 _a1993
942 _cPARA
942 _cPARA
_d1
999 _c199408
_d199408